| 000 | 01138nmm a2200313 a 4500 | ||
|---|---|---|---|
| 001 | ocm0001299332 | ||
| 003 | TR-IsHL | ||
| 005 | 20201028161630.0 | ||
| 008 | 160715s2014 tu tur | ||
| 007 | cr cn | ||
| 020 | _a9789753555005 | ||
| 035 |
_a1299332 _b(N$T) |
||
| 050 | 0 | 4 |
_aDR 486 _b.Ö93 2014 |
| 090 | 0 | 4 |
_aDR 486 _b.Ö93 2014 |
| 100 | 1 | _aÖzbilgen, Erol | |
| 245 | 1 | 0 |
_aBütün yönleriyle Osmanlı Âdâb-ı Osmâniyye: Devlet, kurumlar, toplum, şehir, aile, birey, bilim, sanat, kültür, ticaret, sanayi, teknoloji _h[electronic resource] / _cErol Özbilgen |
| 250 | _a6. basım | ||
| 260 |
_aİstanbul : _bİz Yayıncılık, _c2014 |
||
| 300 | _a790 p. | ||
| 500 |
_aKaynakça var. _x |
||
| 650 | 4 | _aTarih | |
| 650 | 4 | _aHistory | |
| 650 | 0 |
_aTürkiye _xTarih _xOsmanlı İmparatorluğu, 1288-1918 |
|
| 650 | 0 |
_aTurkey _xHistory _xOttoman Empire, 1288-1918 |
|
| 650 | 0 |
_aTürkiye _xMedeniyet |
|
| 650 | 0 |
_aTurkey _xCivilization |
|
| 650 | 7 |
_aHISTORY / Middle East / Turkey & Ottoman Empire _2bisacsh |
|
| 856 | 4 | 0 | _uhttp://search.ebscohost.com/login.aspx?direct=true&scope=site&db=e011xww&AN=1299332 |
| 999 |
_c14235 _d14235 |
||